Music Quiz

Random Music or Album Quiz

The Big Four Of Thrash Metal Discography Quiz Stats

 Plays Quiz not verified by Sporcle

Also try: Beatles Consonants
Challenge
Share
Tweet
Embed
Score 0/42 Timer 08:00
0 Plays Today
% Correct
Kill 'Em All
94.1%
Master Of Puppets
94.1%
Peace Sells...but Who's Buying?
93.9%
The Black Album
93.7%
Ride The Lightning
92.5%
...And Justice For All
91.8%
Load
91.6%
ReLoad
91.4%
Reign In Blood
90.9%
St. Anger
90%
Rust In Peace
89.8%
Death Magnetic
88.4%
Killing Is My Business...and Business Is Good
84.6%
Among The Living
84.1%
South Of Heaven
84.1%
Countdown To Extinction
80.5%
So Far, So Good...So What?
79.8%
Youthanasia
79.4%
Seasons In The Abyss
78.2%
God Hates Us All
76%
Spreading The Disease
75.1%
% Correct
Risk
75.1%
Hell Awaits
73.5%
Fistful Of Metal
71.4%
Show No Mercy
69.2%
TH1RT3EN
67.8%
World Painted Blood
65.1%
Endgame
64.9%
Persistence Of Time
64.4%
Christ Illusion
63.7%
Cryptic Writings
63.3%
State Of Euphoria
61.7%
The World Needs A Hero
61%
The System Has Failed
59.4%
Worship Music
58.7%
United Abominations
57.6%
Diabolus In Musica
56.9%
Divine Intervention
53.1%
Sound Of White Noise
52.4%
Stomp 442
48.8%
We've Come For You All
43.8%
Volume 8: The Threat Is Real
40.6%

You're not logged in!

Compare scores with friends on all Sporcle quizzes.
Join for Free
OR
Log In

You Might Also Like...

Show Comments

Extras

Top Quizzes Today


Score Distribution

Your Account Isn't Verified!

In order to create a playlist on Sporcle, you need to verify the email address you used during registration. Go to your Sporcle Settings to finish the process.

Report this User

Report this user for behavior that violates our Community Guidelines.

Details: